| 000 | 00738nam a2200229 i 4500 | ||
|---|---|---|---|
| 001 | 86108 | ||
| 003 | ES-MaACL | ||
| 005 | 20230906175356.0 | ||
| 007 | t| | ||
| 008 | 041207s1972 sp ||||1| spa d | ||
| 100 | 1 |
_aKaiser, Rolf-Urich. _967439 |
|
| 245 | 1 | 3 |
_aEl mundo de la música pop / _cRolf-Urich Kaiser ; presentación, notas y discografia de Jordi Marfá ; [traducción de Michael Faber-Kaiser]. |
| 250 | _a[1ª ed.]. | ||
| 260 |
_aBarcelona : _bBarral, _c1972. |
||
| 300 |
_a324 p. ; _c16 cm. |
||
| 490 | 1 | _aEdiciones de bolsillo | |
| 700 | 1 |
_aMarfà, Jordi. _976598 |
|
| 700 | 0 |
_aFaber-Kaiser, Michael. _948510 |
|
| 830 | 0 |
_aEdiciones de bolsillo _9180756 |
|
| 852 |
_aES-MaACL _jC-44879 _bR.82996 |
||
| 999 |
_c86108 _d86108 |
||